000 00449nam a2200205Ia 4500
001 109848
003 YMCAF
005 20230512162403.0
008 100717s1999 ||||||||||||||||| ||und|d
024 _a109848
035 _aWB835
040 _aYMCAF
_beng
_cIN-KoLT
041 _aeng
082 _a005.757ORA
_bARO
100 _aAronoff, Eyal
245 0 _aOracle -8 advanced tuning
260 _bTMH
_c1999
300 _a660
942 _2ddc
_cBK
999 _c11642
_d11642